LEADER 00926nam0 22002651i 450 001 UON00327608 005 20231205104207.21 100 $a20090724d1979 |0itac50 ba 101 $apor 102 $aBR 105 $a|||| ||||| 200 1 $aˆA ‰bela e la fera$fClarice Lispector 205 $a3a ed 210 $aRio de Janeiro$cNova Fronteria$d1979 215 $a146 p.$d21 cm. 620 $aBR$dRio de Janeiro$3UONL001554 676 $a869$cLetteratura portoghese$v21 700 1$aLISPECTOR$bClarice$3UONV161865$0174314 712 $aNova Fronteira$3UONV266236$4650 801 $aIT$bSOL$c20240220$gRICA 899 $aSIBA - SISTEMA BIBLIOTECARIO DI ATENEO$2UONSI 912 $aUON00327608 950 $aSIBA - SISTEMA BIBLIOTECARIO DI ATENEO$dSI Bras III 0643 $eSI LO 48852 5 0643 996 $aBela e la fera$91369118 997 $aUNIOR LEADER 01186nam 2200289la 450 001 9910482498403321 005 20221102161550.0 035 $a(UK-CbPIL)2090359344 035 $a(CKB)5500000000092189 035 $a(EXLCZ)995500000000092189 100 $a20221102d1538 uy | 101 0 $alat 135 $aurcn||||a|bb| 200 10$aDe ratione victus in morbis acutis cum quatuor commentariis Galeni / Joanne Vasseo Meldensi interprete. Ejusdem de natura humana, cum duobus commentariis Galeni. Ejusdem de victus ratione salubricum commentario Galeni Hermano Cruserio Campensi interprete 210 $aVenice $cBernardino Stagnino, d. 1540$d1538 215 $aOnline resource ([46], 480, 206 p. : woodcut on t.p. , (16mo)) 300 $aReproduction of original in The Wellcome Library, London. 700 $aHippocrates$0157241 701 $aCroeser$b Herman$fapproximately 1510-1574.$0941847 701 $aGalen$0739718 701 $aVasse?s$b Jean$f1486-1550.$0864255 801 0$bUk-CbPIL 801 1$bUk-CbPIL 906 $aBOOK 912 $a9910482498403321 996 $aDe ratione victus in morbis acutis cum quatuor commentariis Galeni$92258527 997 $aUNINA